000 01120nam a2200301 i 4500
003 DO-SdBNP
005 20260513081558.0
007 ta
008 260513b2025 dr ac||| |||| 00| 0 spa d
020 _a9789945518962
040 _aDO-SdBNP
_bspa
_cBNPHU
_erda
041 _aspa
082 4 _axxx
_bA367e
_222
100 _aAlemán Rodríguez, Alexander,
_eautor
_4aut.
_989541
245 1 3 _aLa explicación de la existencia /
_cAlexander Alemán Rodríguez ; cuidado del texto, Aurelio Castillo ; corrección e ilustración, Dania Figueroa
250 _aprimera edición
264 4 _aSanto Domingo :
_bPublicaciones Libertad,
_c©2025.
300 _a39 páginas :
_bilustraciones, retratos ;
_c21 cm.
336 _atexto
_btxt
_2rdacontent
337 _asin mediación
_bn
_2rdamedia
338 _avolumen
_bnc
_2rdacarrier
500 _aIncluye datos biográficos del autor en la contracubierta
590 _aInventariado, 2026/BT
700 1 _aCastillo, Aurelia,
_ecuidado del texto
_4txt
_976355
700 1 _aFigueroa, Dania,
_ecorrector e ilustrador
_4corr., il.
_989542
910 _aBtavárez
942 _2ddc
_cLF2
999 _c60723
_d60723